[Event "Julius Baer Generation Cup"]
[Site "chess24.com INT"]
[Date "2022.09.23"]
[Round "2.14"]
[White "Arjun Erigaisi"]
[Black "Quang Liem Le"]
[Result "0-1"]
[EventDate "2022.09.22"]
[WhiteElo "2725"]
[BlackElo "2728"]
[PlyCount "64"]

1. e4 g6 2. d4 Bg7 3. Nf3 d6 4. Be2 Nf6 5. Nc3 O-O 6. O-O a6 7. a4 Nc6 8. h3 h6 9. Be3 e6 10. e5 dxe5 11. Nxe5 Ne7 12. Bd3 Nf5 13. Bxf5 exf5 14. Qd2 Kh7 15. Rad1 c6 16. Rfe1 Be6 17. Nd3 g5 18. Nc5 Bc8 19. d5 b6 20. Nb3 c5 21. f4 g4 22. a5 gxh3 23. gxh3 Rg8 24. Kh1 Ne4 25. Nxe4 fxe4 26. Qh2 Qh4 27. axb6 Bxh3 28. Rg1 Qh5 29. Nd2 Bd4 30. Bxd4 e3 31. Be5 Bg2+ 32. Rxg2 Qxd1+ 0-1

[Event "Julius Baer Generation Cup"]
[Site "chess24.com INT"]
[Date "2022.09.23"]
[Round "2.21"]
[White "Quang Liem Le"]
[Black "Arjun Erigaisi"]
[Result "0-1"]
[EventDate "2022.09.22"]
[WhiteElo "2728"]
[BlackElo "2725"]
[PlyCount "94"]

1. d4 Nf6 2. c4 e6 3. Nf3 d5 4. g3 Be7 5. Bg2 O-O 6. O-O dxc4 7. Qa4 c6 8. Qxc4 b5 9. Qb3 Bb7 10. Rd1 Qb6 11. Ne5 c5 12. Bxb7 Qxb7 13. dxc5 Bxc5 14. Be3 Bxe3 15. Qxe3 Nc6 16. Qf3 Rac8 17. Nc3 b4 18. Ne4 Nd5 19. Nxc6 Qxc6 20. a3 a5 21. axb4 axb4 22. g4 h6 23. Rd2 f5 24. Ng3 fxg4 25. Qxg4 Nf4 26. e4 Qb5 27. h4 h5 28. Qd1 Qe5 29. Rc1 Rxc1 30. Qxc1 Qf6 31. Qf1 Qxh4 32. Qe1 Qg4 33. Qd1 Nh3+ 34. Kg2 Rxf2+ 35. Rxf2 Qxd1 36. Kxh3 Qg4+ 37. Kh2 h4 38. Nf1 Qxe4 39. Kh3 g5 40. Nh2 Kg7 41. Ng4 b3 42. Rg2 e5 43. Nf2 Qf3+ 44. Kh2 Qf4+ 45. Kh3 e4 46. Ng4 Qf3+ 47. Kh2 e3 0-1

[Event "Julius Baer Generation Cup"]
[Site "chess24.com INT"]
[Date "2022.09.23"]
[Round "2.22"]
[White "Arjun Erigaisi"]
[Black "Quang Liem Le"]
[Result "1-0"]
[EventDate "2022.09.22"]
[WhiteElo "2725"]
[BlackElo "2728"]
[PlyCount "104"]

1. d4 g6 2. c4 Bg7 3. Nf3 d6 4. g3 Nf6 5. Bg2 O-O 6. O-O Nbd7 7. Nc3 a5 8. h3 Re8 9. e4 e5 10. Re1 h6 11. Be3 exd4 12. Nxd4 Nc5 13. Qc2 c6 14. Rad1 Qc7 15. Nb3 Ne6 16. f4 a4 17. Nd4 Nc5 18. Ndb5 cxb5 19. Nxb5 Qa5 20. Nxd6 Rd8 21. e5 Ne8 22. Qf2 Nxd6 23. exd6 Nd7 24. Bd5 Ra6 25. f5 g5 26. c5 Nf6 27. Bg2 Nd7 28. Rd5 Qb4 29. Re2 a3 30. b3 Qc3 31. Kh2 Rc6 32. Rdd2 Ra6 33. Rc2 Qf6 34. Rc4 Nf8 35. g4 Qe5+ 36. Kg1 Re8 37. Bf3 Qa1+ 38. Rc1 Qf6 39. Kg2 Qd8 40. Rce1 Qa5 41. Bd4 Rxe2 42. Rxe2 Qb4 43. Bxg7 Kxg7 44. Rc2 Bd7 45. Rc4 Qb5 46. Qd4+ Kg8 47. Rb4 Qa5 48. Rxb7 Qe1 49. Rb8 Be8 50. d7 Bxd7 51. Qxd7 Qa1 52. Qe8 1-0

[Event "Julius Baer Generation Cup"]
[Site "chess24.com INT"]
[Date "2022.09.22"]
[Round "1.11"]
[White "Arjun Erigaisi"]
[Black "Christopher Woojin Yoo"]
[Result "1-0"]
[EventDate "2022.09.22"]
[WhiteElo "2725"]
[BlackElo "2563"]
[PlyCount "146"]

1. d4 Nf6 2. c4 e6 3. Nc3 Bb4 4. e3 O-O 5. Bd3 d5 6. a3 Be7 7. Nf3 dxc4 8. Bxc4 c5 9. O-O cxd4 10. exd4 Nc6 11. Re1 b6 12. d5 Na5 13. Ba2 exd5 14. Nxd5 Nxd5 15. Qxd5 Be6 16. Qxd8 Raxd8 17. Bxe6 fxe6 18. b4 Bf6 19. Ra2 Bc3 20. Rf1 Nb3 21. Be3 Bf6 22. Rb1 e5 23. h4 Rd3 24. g3 e4 25. Ne1 Rc3 26. Rd1 Rfc8 27. Kf1 R3c4 28. Re2 a5 29. b5 Bd4 30. Ng2 a4 31. h5 R8c5 32. g4 Rxb5 33. Nh4 g6 34. hxg6 hxg6 35. Nxg6 Kf7 36. Nh4 Bxe3 37. Rxe3 Rc2 38. Nf5 Nd2+ 39. Kg2 Rbb2 40. Kg3 Rb3 41. Kf4 Rxe3 42. fxe3 Nc4 43. Nd6+ Nxd6 44. Rxd6 b5 45. Rb6 Rb2 46. Kf5 Rb3 47. Rb7+ Kg8 48. Kxe4 Rxa3 49. Rxb5 Ra1 50. Kf5 Rf1+ 51. Kg6 Kf8 52. g5 a3 53. Ra5 Ra1 54. Ra7 a2 55. e4 Ke8 56. e5 Kf8 57. e6 Ke8 58. e7 Rb1 59. Rxa2 Rg1 60. Re2 Rg3 61. Kh6 Rh3+ 62. Kg7 Rg3 63. g6 Rg1 64. Re5 Rg2 65. Kh6 Rh2+ 66. Rh5 Rg2 67. g7 Kxe7 68. Kh7 Kf7 69. Rf5+ Ke6 70. Rf1 Rh2+ 71. Kg8 Ra2 72. Rh1 Kf6 73. Kh8 1-0

[Event "Julius Baer Generation Cup"]
[Site "chess24.com INT"]
[Date "2022.09.22"]
[Round "1.12"]
[White "Christopher Woojin Yoo"]
[Black "Arjun Erigaisi"]
[Result "1-0"]
[EventDate "2022.09.22"]
[WhiteElo "2563"]
[BlackElo "2725"]
[PlyCount "160"]

1. e4 c5 2. Nf3 d6 3. d4 cxd4 4. Nxd4 Nf6 5. Nc3 g6 6. Be3 Bg7 7. f3 O-O 8. Qd2 Nc6 9. O-O-O d5 10. Qe1 e5 11. Nxc6 bxc6 12. exd5 Nxd5 13. Bc4 Be6 14. Kb1 Re8 15. Ne4 f5 16. Ng5 Bc8 17. h4 h6 18. Ne4 Be6 19. Nc5 Bf7 20. g4 Rb8 21. Bb3 f4 22. Bf2 Qe7 23. Ne4 Red8 24. Qa5 Rd7 25. Qc5 Qe6 26. Qa3 Qe8 27. Bc5 Qd8 28. Rd3 Rb5 29. Qa6 Qc7 30. Ba4 Nb4 31. Bxb4 Rxb4 32. Rxd7 Qxd7 33. Bb3 Bxb3 34. axb3 Rd4 35. Qe2 a5 36. Kc1 Kh7 37. c3 Rd5 38. Kc2 Qa7 39. Ra1 Qb6 40. h5 g5 41. Nd2 Kh8 42. Nc4 Qc7 43. Qe4 Qa7 44. Re1 Qc5 45. Kb1 Qb5 46. Ka2 Qc5 47. Qe2 Qb5 48. Qe4 Qc5 49. Rf1 Qb5 50. Rc1 Rd8 51. Re1 Rd5 52. Re2 Qc5 53. Rc2 Qb5 54. Rd2 Qc5 55. Kb1 Qb5 56. Kc2 Qc5 57. Qe2 Qb5 58. Qe4 Qc5 59. Rg2 Qb5 60. Nd2 Qa6 61. Qc4 Qb6 62. Ne4 Qe3 63. Qe2 Qb6 64. Nd2 Qc5 65. Qa6 Rd8 66. Ne4 Qe3 67. Rd2 Rxd2+ 68. Nxd2 Qc5 69. Ne4 Qd5 70. c4 Qd4 71. Qxc6 Qe3 72. Qa8+ Kh7 73. Qd5 Qe1 74. Qd1 Qb4 75. Qd2 Qb6 76. c5 Qa7 77. c6 a4 78. Qd3 axb3+ 79. Qxb3 Qa6 80. c7 1-0

[Event "Julius Baer Generation Cup"]
[Site "chess24.com INT"]
[Date "2022.09.22"]
[Round "1.13"]
[White "Arjun Erigaisi"]
[Black "Christopher Woojin Yoo"]
[Result "1-0"]
[EventDate "2022.09.22"]
[WhiteElo "2725"]
[BlackElo "2563"]
[PlyCount "104"]

1. d4 d5 2. c4 e6 3. Nc3 c6 4. e4 dxe4 5. Nxe4 Bb4+ 6. Nc3 e5 7. Be3 exd4 8. Qxd4 Qxd4 9. Bxd4 Nf6 10. O-O-O Be6 11. Nf3 Nbd7 12. Ng5 c5 13. Bxf6 Nxf6 14. Nb5 Ke7 15. Be2 a6 16. Nd6 Rab8 17. Bf3 b5 18. Nxe6 fxe6 19. Nb7 e5 20. Nd6 Rhd8 21. Nf5+ Kf7 22. Be2 g6 23. Ne3 Ne4 24. Nd5 Kg7 25. Nc7 Rd4 26. Nxa6 Bd2+ 27. Kc2 Rbd8 28. Nc7 R4d6 29. Nxb5 R6d7 30. Bg4 Rf7 31. Rhf1 Bg5 32. Rxd8 Bxd8 33. Bf3 Ng5 34. Bd5 Rf4 35. g3 Rf6 36. Nc3 h5 37. h4 Nf3 38. Bxf3 Rxf3 39. Ne4 Be7 40. a4 Kf7 41. a5 Ke6 42. a6 Rf8 43. Ra1 Ra8 44. Ra5 Kf5 45. f3 Ra7 46. Nc3 Bd8 47. Nb5 Ra8 48. Ra3 g5 49. hxg5 Kxg5 50. a7 h4 51. gxh4+ Kxh4 52. Kd3 1-0

[Event "Julius Baer Generation Cup"]
[Site "chess24.com INT"]
[Date "2022.09.22"]
[Round "1.14"]
[White "Christopher Woojin Yoo"]
[Black "Arjun Erigaisi"]
[Result "1-0"]
[EventDate "2022.09.22"]
[WhiteElo "2563"]
[BlackElo "2725"]
[PlyCount "120"]

1. e4 e5 2. Nf3 Nc6 3. Bb5 Nf6 4. O-O Nxe4 5. Re1 Nd6 6. a4 Be7 7. Nc3 O-O 8. d4 e4 9. Nxe4 Nxe4 10. Rxe4 d5 11. Re3 Bd6 12. Bxc6 bxc6 13. h3 c5 14. dxc5 Bxc5 15. Rc3 Bb4 16. Rd3 c6 17. Bf4 Re8 18. c3 Bf8 19. b4 Bf5 20. Re3 Rxe3 21. Bxe3 Bd6 22. Nd4 Bd7 23. Qf3 Qc7 24. Nb3 Re8 25. Bc5 Be5 26. a5 Bc8 27. Qd3 h6 28. Bd4 Bd6 29. Qd2 Bh2+ 30. Kh1 Bf4 31. Re1 Bxd2 32. Rxe8+ Kh7 33. Nxd2 Be6 34. Nb3 Qd7 35. Ra8 Bxh3 36. f3 Bf5 37. Rxa7 Qe6 38. Kh2 Qe1 39. g4 Qe2+ 40. Kg3 Qe1+ 41. Bf2 Qxc3 42. gxf5 Qxb3 43. Rxf7 Qxb4 44. a6 Qa4 45. a7 d4 46. f6 Kg6 47. Rd7 gxf6 48. Rxd4 Qa5 49. Rc4 Qa6 50. Rb4 Qa5 51. Rb8 Qg5+ 52. Kh3 Qh5+ 53. Kg2 Qg5+ 54. Kh1 Qh5+ 55. Kg1 Qg5+ 56. Kf1 Qc1+ 57. Be1 Qe3 58. Rg8+ Kf7 59. a8=Q Qxf3+ 60. Kg1 1-0

[Event "Julius Baer Generation Cup"]
[Site "chess24.com INT"]
[Date "2022.09.22"]
[Round "1.21"]
[White "Arjun Erigaisi"]
[Black "Christopher Woojin Yoo"]
[Result "1-0"]
[EventDate "2022.09.22"]
[WhiteElo "2725"]
[BlackElo "2563"]
[PlyCount "72"]

1. d4 Nf6 2. c4 e6 3. Nc3 Bb4 4. e3 O-O 5. Bd3 c5 6. Ne2 cxd4 7. exd4 Nc6 8. O-O d5 9. cxd5 exd5 10. Bg5 Be7 11. Re1 h6 12. Bh4 Bg4 13. f3 Be6 14. Rc1 Rc8 15. Bb1 Qd7 16. a3 Rfe8 17. Kh1 Nh5 18. Bxe7 Rxe7 19. Qd2 Na5 20. Qd3 Nf6 21. Nf4 Kf8 22. h4 Nc4 23. Re2 g5 24. Nxe6+ Rxe6 25. hxg5 hxg5 26. Rce1 Nxb2 27. Qd2 Rxe2 28. Rxe2 Nh5 29. Qxg5 Ng3+ 30. Qxg3 Rxc3 31. Qh4 Rc1+ 32. Kh2 Qd6+ 33. f4 f5 34. Bxf5 Nc4 35. Re6 Qxe6 36. Bxe6 1-0

[Event "Julius Baer Generation Cup"]
[Site "chess24.com INT"]
[Date "2022.09.22"]
[Round "1.22"]
[White "Christopher Woojin Yoo"]
[Black "Arjun Erigaisi"]
[Result "1/2-1/2"]
[EventDate "2022.09.22"]
[WhiteElo "2563"]
[BlackElo "2725"]
[PlyCount "134"]

1. d4 Nf6 2. Nf3 g6 3. c4 Bg7 4. Nc3 O-O 5. g3 d5 6. cxd5 Nxd5 7. Bg2 Nc6 8. O-O Nb6 9. e3 Re8 10. Re1 a5 11. b3 e5 12. Nxe5 Nxe5 13. dxe5 Qxd1 14. Rxd1 Bxe5 15. Bb2 c6 16. Rab1 Bf5 17. Rbc1 a4 18. b4 a3 19. Ba1 Be6 20. b5 Rec8 21. bxc6 bxc6 22. Ne4 Bb2 23. Rc2 Bxa2 24. Bxb2 Bb3 25. Nf6+ Kh8 26. Nd5+ axb2 27. Rxb2 Bxd1 28. Nxb6 Rcb8 29. Nxa8 Rxb2 30. Bxc6 Kg8 31. Bd5 Bb3 32. Bf3 Bc4 33. Kg2 Kf8 34. Nc7 Ke7 35. Nd5+ Bxd5 36. Bxd5 Rd2 37. e4 h5 38. Kf3 Rd3+ 39. Kf4 Rd2 40. Ke3 Rb2 41. h4 Rb1 42. Kf4 Rf1 43. Kf3 Re1 44. Kf4 Rf1 45. f3 Rg1 46. Bc4 Kf6 47. Bd5 Ke7 48. Bb3 Kf6 49. Bc4 Kg7 50. Bb3 Kf6 51. Ba4 Kg7 52. Bd7 Kf6 53. Be8 Ke7 54. Bb5 Kf6 55. Ba6 Kg7 56. e5 Ra1 57. Bb7 Ra4+ 58. Be4 f5 59. exf6+ Kxf6 60. g4 hxg4 61. fxg4 Rb4 62. g5+ Ke6 63. Kf3 Ke5 64. Bxg6 Rxh4 65. Kg3 Rh1 66. Kg2 Kf4 67. Kxh1 Kxg5 1/2-1/2

[Event "Julius Baer Generation Cup"]
[Site "chess24.com INT"]
[Date "2022.09.21"]
[Round "13.2"]
[White "Arjun Erigaisi"]
[Black "Radoslaw Wojtaszek"]
[Result "1/2-1/2"]
[EventDate "2022.09.18"]
[WhiteElo "2725"]
[BlackElo "2696"]
[PlyCount "78"]

1. d4 Nf6 2. Bg5 d5 3. e3 c5 4. Bxf6 gxf6 5. dxc5 e6 6. Nf3 Bxc5 7. Be2 Nc6 8. O-O f5 9. c4 d4 10. b4 Bxb4 11. exd4 O-O 12. Qb3 Bd6 13. Rd1 Qf6 14. Nc3 b6 15. Nb5 Rd8 16. Nxd6 Rxd6 17. d5 Na5 18. Qe3 exd5 19. Qf4 Bd7 20. Rac1 Re8 21. c5 bxc5 22. Rxc5 Rxe2 23. Rxa5 d4 24. Rxa7 d3 25. h3 Bc6 26. Ra6 Re4 27. Qg3+ Qg6 28. Qxg6+ hxg6 29. Ne1 d2 30. Nf3 Re2 31. Rxd2 Rexd2 32. Nxd2 Rxd2 33. Rxc6 Rxa2 34. Rc8+ Kg7 35. h4 Ra1+ 36. Kh2 Ra2 37. Kg1 Ra1+ 38. Kh2 Ra2 39. Kg1 1/2-1/2

[Event "Julius Baer Generation Cup"]
[Site "chess24.com INT"]
[Date "2022.09.21"]
[Round "14.8"]
[White "Vincent Keymer"]
[Black "Arjun Erigaisi"]
[Result "1-0"]
[EventDate "2022.09.18"]
[WhiteElo "2693"]
[BlackElo "2725"]
[PlyCount "204"]

1. Nf3 a6 2. d4 Nf6 3. c4 e6 4. Nc3 d5 5. cxd5 exd5 6. Bg5 Be6 7. e3 Nbd7 8. Bd3 Bd6 9. h3 c6 10. Bf4 Qc7 11. Qd2 O-O 12. O-O Rfe8 13. Rfe1 h6 14. Rac1 Nh5 15. Bxd6 Qxd6 16. Qc2 Rac8 17. Na4 Nhf6 18. Nd2 a5 19. Nc3 b5 20. b3 Nb6 21. Ne2 Nfd7 22. Nf4 b4 23. Nxe6 fxe6 24. e4 dxe4 25. Nxe4 Qf8 26. Nd2 c5 27. Ba6 Ra8 28. dxc5 Rxa6 29. cxb6 Rxb6 30. Nc4 Ra6 31. Qe2 Nf6 32. Rcd1 Rd8 33. Qe5 Nd5 34. Rd3 Qf6 35. Qe4 a4 36. Ne5 Nc3 37. Qxb4 Rxd3 38. Nxd3 axb3 39. axb3 Ra2 40. Qg4 Qf5 41. Nf4 Qxg4 42. hxg4 Rb2 43. Rxe6 Rxb3 44. Re8+ Kh7 45. Re7 Kg8 46. Nh5 g5 47. Re3 Rb1+ 48. Kh2 Nd5 49. Re5 Nb4 50. Rb5 Rb2 51. Rb8+ Kf7 52. Rb7+ Kf8 53. Ng3 Nd3 54. Rxb2 Nxb2 55. Nf5 Nd3 56. Kg3 Nc5 57. Nxh6 Kg7 58. Nf5+ Kf6 59. Kf3 Nd3 60. Ne3 Ke5 61. g3 Nc5 62. Nc4+ Kd5 63. Nd2 Nd7 64. Ke3 Ne5 65. f3 Nf7 66. Ne4 Ke6 67. Kd4 Ke7 68. Kd5 Kd7 69. Nc5+ Ke7 70. Nd3 Kf6 71. Nf2 Ke7 72. Nd1 Kf6 73. Nc3 Ke7 74. Nb5 Kf6 75. Nd6 Nd8 76. Ne4+ Kg6 77. Kd6 Nb7+ 78. Ke7 Na5 79. Nd2 Nc6+ 80. Kd6 Nd4 81. Kd5 Nc2 82. Ke5 Ne1 83. Ke4 Nc2 84. Nc4 Kf6 85. Ne3 Na3 86. f4 Nb1 87. Nd5+ Ke6 88. f5+ Kd6 89. Nf6 Nd2+ 90. Ke3 Nf1+ 91. Kf2 Nd2 92. Ke2 Nc4 93. Ne4+ Kd5 94. Nxg5 Ne5 95. f6 Kd6 96. Ne4+ Kd5 97. Ke3 Nxg4+ 98. Kf4 Ne5 99. Kf5 Nf7 100. Ng5 Nd6+ 101. Kg6 Kd4 102. f7 1-0

[Event "Julius Baer Generation Cup"]
[Site "chess24.com INT"]
[Date "2022.09.21"]
[Round "15.1"]
[White "Arjun Erigaisi"]
[Black "Anish Giri"]
[Result "0-1"]
[EventDate "2022.09.18"]
[WhiteElo "2725"]
[BlackElo "2764"]
[PlyCount "114"]

1. e4 c5 2. Nf3 d6 3. Bb5+ Nd7 4. O-O a6 5. Bd3 Ngf6 6. Re1 Qc7 7. a4 b6 8. c4 e6 9. Nc3 Be7 10. Bf1 O-O 11. h3 Ne5 12. d3 Nfd7 13. Be3 Bf6 14. Rc1 Nxf3+ 15. Qxf3 Ne5 16. Qg3 Nc6 17. f4 Nd4 18. Qf2 Rb8 19. Kh1 Qd8 20. g3 Bd7 21. Bg2 b5 22. axb5 axb5 23. cxb5 Bxb5 24. Red1 Bc6 25. Kh2 Rb3 26. e5 dxe5 27. Bxc6 Nxc6 28. Bxc5 exf4 29. gxf4 Bd4 30. Bxd4 Qxd4 31. Rd2 Rfb8 32. Ne4 Qxf2+ 33. Rxf2 Nb4 34. Nc5 Nxd3 35. Nxd3 Rxd3 36. Rc3 Rxc3 37. bxc3 Rc8 38. Rf3 g6 39. Kg3 Kg7 40. Kf2 Kf6 41. Ke2 Kf5 42. Kd3 Rd8+ 43. Kc4 Rd1 44. Kb5 Ke4 45. Rf2 Rc1 46. c4 Ke3 47. Ra2 f5 48. Ra6 Kxf4 49. Rxe6 Kg3 50. Re7 Kxh3 51. Rxh7+ Kg4 52. c5 f4 53. c6 f3 54. Rf7 g5 55. Kb6 Kg3 56. c7 f2 57. Kb7 g4 0-1

[Event "Julius Baer Generation Cup"]
[Site "chess24.com INT"]
[Date "2022.09.20"]
[Round "9.4"]
[White "Arjun Erigaisi"]
[Black "Vasyl Ivanchuk"]
[Result "1-0"]
[EventDate "2022.09.18"]
[WhiteElo "2725"]
[BlackElo "2678"]
[PlyCount "50"]

1. d4 Nf6 2. Bg5 d6 3. Nc3 Nbd7 4. e4 e5 5. Nf3 Be7 6. Bc4 c6 7. a4 O-O 8. O-O h6 9. Be3 Re8 10. Re1 Ng4 11. Bc1 exd4 12. Nxd4 Bf6 13. Nf5 Nb6 14. Bxf7+ Kxf7 15. Qxg4 Bxc3 16. bxc3 Qf6 17. Qh5+ Kf8 18. Nxd6 Re5 19. Qd1 Kg8 20. a5 Nd5 21. Nxc8 Nxc3 22. Qd7 Nxe4 23. Be3 Qf7 24. Qxf7+ Kxf7 25. Bd4 1-0

[Event "Julius Baer Generation Cup"]
[Site "chess24.com INT"]
[Date "2022.09.20"]
[Round "10.6"]
[White "Jan-Krzysztof Duda"]
[Black "Arjun Erigaisi"]
[Result "1-0"]
[EventDate "2022.09.18"]
[WhiteElo "2731"]
[BlackElo "2725"]
[PlyCount "86"]

1. d4 Nf6 2. c4 e6 3. Nc3 Bb4 4. e3 O-O 5. Bd3 d5 6. a3 Bxc3+ 7. bxc3 dxc4 8. Bxc4 c5 9. Ne2 Qc7 10. Bd3 Nc6 11. f4 b6 12. O-O Rd8 13. Bb2 Bb7 14. e4 Na5 15. Ng3 Rac8 16. e5 Nd5 17. f5 Ne3 18. Qh5 exf5 19. Nxf5 Nxf5 20. Rxf5 g6 21. Qg5 cxd4 22. cxd4 Nc4 23. Rc1 Bd5 24. Bxc4 Bxc4 25. e6 fxe6 26. d5 exf5 27. Qf6 Rxd5 28. Re1 Be2 29. Qh8+ Kf7 30. Qg7+ Ke6 31. Rxe2+ Kd6 32. Be5+ Rxe5 33. Qxe5+ Kc6 34. Rc2+ Kb7 35. Qd5+ Kb8 36. Rxc7 Rxc7 37. Kf2 a6 38. Kf3 Ka7 39. Kf4 Re7 40. Qd6 Rb7 41. Ke5 a5 42. Kd5 b5 43. Qd8 1-0

[Event "Julius Baer Generation Cup"]
[Site "chess24.com INT"]
[Date "2022.09.20"]
[Round "11.3"]
[White "Arjun Erigaisi"]
[Black "Boris Gelfand"]
[Result "1/2-1/2"]
[EventDate "2022.09.18"]
[WhiteElo "2725"]
[BlackElo "2668"]
[PlyCount "136"]

1. d4 Nf6 2. Nc3 d5 3. Bf4 e6 4. Nb5 Bb4+ 5. c3 Ba5 6. e3 a6 7. Na3 O-O 8. Nf3 c6 9. Bd3 Bc7 10. Nb1 Nbd7 11. Nbd2 b6 12. Bg3 c5 13. Ne5 Bb7 14. Qb1 g6 15. f4 Nh5 16. Ndf3 f5 17. Bh4 Qe8 18. Rg1 Nxe5 19. Nxe5 Bxe5 20. fxe5 Bc6 21. Be2 Bb5 22. Bxh5 gxh5 23. Bf6 a5 24. h3 Qg6 25. g4 fxg4 26. Qxg6+ hxg6 27. hxg4 h4 28. Bxh4 Rf3 29. Bg5 Raf8 30. O-O-O Be2 31. Rde1 Bd3 32. Bf6 g5 33. Kd2 Rf2+ 34. Kc1 a4 35. a3 Rf7 36. Rd1 Be4 37. Rd2 Rxd2 38. Kxd2 Rh7 39. Re1 Bf3 40. c4 Rh2+ 41. Kc3 Be4 42. Rc1 cxd4+ 43. exd4 Rh3+ 44. Kd2 Rh2+ 45. Ke3 Rh3+ 46. Kf2 dxc4 47. Rxc4 Rh2+ 48. Ke3 Bd5 49. Rb4 Rg2 50. Bxg5 Rg3+ 51. Kd2 Rxg4 52. Be3 Rg2+ 53. Ke1 Bb3 54. Bf2 Kf7 55. Rxb6 Kg6 56. Ra6 Kf5 57. d5 exd5 58. e6 Rg6 59. e7 Rxa6 60. e8=Q Re6+ 61. Qxe6+ Kxe6 62. Kd2 Kd7 63. Kc3 Kc6 64. Bd4 Kb5 65. Be3 Kc6 66. Bd4 Kb5 67. Be3 Kc6 68. Bd4 1/2-1/2

[Event "Julius Baer Generation Cup"]
[Site "chess24.com INT"]
[Date "2022.09.20"]
[Round "12.7"]
[White "Christopher Woojin Yoo"]
[Black "Arjun Erigaisi"]
[Result "0-1"]
[EventDate "2022.09.18"]
[WhiteElo "2563"]
[BlackElo "2725"]
[PlyCount "84"]

1. d4 Nf6 2. c4 e6 3. Nc3 Bb4 4. Qc2 d5 5. a3 Bxc3+ 6. Qxc3 O-O 7. Nf3 dxc4 8. Qxc4 b6 9. h4 Ba6 10. Qc2 c5 11. dxc5 Nbd7 12. c6 Rc8 13. Bf4 Bb7 14. c7 Qe7 15. e3 Nd5 16. Bg3 Nxc7 17. Be2 Nd5 18. Qb1 Nc5 19. O-O Nb3 20. Ra2 Rfd8 21. h5 Nf6 22. h6 Ne4 23. Bh4 g5 24. Bg3 Nxg3 25. fxg3 Qc5 26. Qe1 Qxe3+ 27. Qf2 Qxf2+ 28. Rxf2 Rc1+ 29. Kh2 g4 30. Ng1 f5 31. a4 Rd2 32. a5 b5 33. Ra3 Rxb2 34. Rf4 Rbb1 35. Rf1 Rxf1 36. Bxf1 b4 37. Ra4 Nc5 38. a6 Bxg2 39. Ra5 Bxf1 40. Rxc5 Rb2+ 41. Kh1 Bg2+ 42. Kh2 Bd5+ 0-1

[Event "Julius Baer Generation Cup"]
[Site "chess24.com INT"]
[Date "2022.09.19"]
[Round "7.5"]
[White "Arjun Erigaisi"]
[Black "R Praggnanandhaa"]
[Result "1/2-1/2"]
[EventDate "2022.09.18"]
[WhiteElo "2725"]
[BlackElo "2676"]
[PlyCount "110"]

1. d4 Nf6 2. c4 e6 3. Nf3 d5 4. g3 dxc4 5. Bg2 Bb4+ 6. Bd2 c5 7. Bxb4 cxb4 8. Ne5 O-O 9. a3 Nd5 10. Nxc4 Nc6 11. O-O a5 12. axb4 Ndxb4 13. e3 b6 14. Nbd2 Ba6 15. Qh5 Rc8 16. b3 b5 17. Ne5 Nxe5 18. Qxe5 h6 19. Ne4 Bb7 20. Rfd1 Bd5 21. Nc5 Bxg2 22. Kxg2 Qb6 23. Qe4 Rc7 24. Rdc1 Rd8 25. h4 Nd5 26. Qf3 e5 27. Rd1 exd4 28. exd4 Re7 29. Re1 Rxe1 30. Rxe1 Nf6 31. Rd1 Nd5 32. h5 Qa7 33. Ne4 a4 34. bxa4 bxa4 35. Nc5 Nb6 36. Qd3 a3 37. Ra1 Ra8 38. Qb3 a2 39. Ne4 Qb7 40. f3 Qa6 41. Kh3 Qc8+ 42. g4 Qa6 43. d5 Nc4 44. Nc3 Nd2 45. Qxa2 Qxa2 46. Rxa2 Rxa2 47. Nxa2 Nxf3 48. Kg3 Ng5 49. Nc3 Kf8 50. Kf4 Ke7 51. Nb5 g6 52. Ke5 Nf3+ 53. Kf4 Ng5 54. Ke5 Nf3+ 55. Kf4 Ng5 1/2-1/2

[Event "Julius Baer Generation Cup"]
[Site "chess24.com INT"]
[Date "2022.09.19"]
[Round "5.6"]
[White "Arjun Erigaisi"]
[Black "Hans Moke Niemann"]
[Result "1-0"]
[EventDate "2022.09.18"]
[WhiteElo "2725"]
[BlackElo "2688"]
[PlyCount "100"]

1. d4 Nf6 2. c4 e6 3. g3 Bb4+ 4. Bd2 Be7 5. Bg2 d5 6. Nf3 O-O 7. O-O Nbd7 8. c5 Ne4 9. Nc3 f5 10. b4 c6 11. b5 Bf6 12. Rc1 Nxd2 13. Qxd2 Qa5 14. bxc6 bxc6 15. Nxd5 Qxd2 16. Nxf6+ Nxf6 17. Nxd2 Nd5 18. e4 fxe4 19. Nxe4 Ba6 20. Rfd1 Rab8 21. Rd2 h6 22. h4 Rb4 23. Nd6 Rfb8 24. Bh3 Nc7 25. Rc3 Rb1+ 26. Kh2 Bf1 27. Bg4 R8b2 28. Rxb2 Rxb2 29. Ra3 a6 30. Kg1 Rb1 31. Rb3 Ra1 32. Kh2 Bb5 33. Ra3 Rb1 34. Bh3 Bf1 35. Nc8 Bxh3 36. Kxh3 Nb5 37. Rd3 Kf7 38. a4 Nc7 39. Rf3+ Kg8 40. Ne7+ Kh7 41. Nxc6 Ra1 42. Rf7 Nd5 43. Nd8 Kg8 44. Ra7 Ra2 45. Nxe6 Rxf2 46. Rxg7+ Kh8 47. Rd7 Ne3 48. c6 Rf1 49. g4 Rf3+ 50. Kh2 1-0

[Event "Julius Baer Generation Cup"]
[Site "chess24.com INT"]
[Date "2022.09.19"]
[Round "6.4"]
[White "Levon Aronian"]
[Black "Arjun Erigaisi"]
[Result "0-1"]
[EventDate "2022.09.18"]
[WhiteElo "2759"]
[BlackElo "2725"]
[PlyCount "106"]

1. c4 Nf6 2. Nc3 e5 3. Nf3 Nc6 4. e4 Bb4 5. d3 d6 6. Be2 O-O 7. O-O h6 8. Be3 Bg4 9. Na4 Nd7 10. h3 Bxf3 11. Bxf3 Bc5 12. Nxc5 dxc5 13. g3 Nd4 14. Bg2 c6 15. f4 exf4 16. gxf4 f5 17. Kh1 a5 18. b3 Rf7 19. Rb1 Nf8 20. Qh5 g6 21. Qd1 Nfe6 22. Rb2 Kh7 23. Qe1 Qd6 24. a4 b6 25. Qg3 Rg8 26. h4 Rgg7 27. Bh3 Kg8 28. Bc1 g5 29. hxg5 hxg5 30. Rh2 g4 31. Bg2 Ne2 32. Qe3 Nxc1 33. Rxc1 Qxf4 34. Qxf4 Nxf4 35. exf5 g3 36. Rf1 gxh2 37. Rxf4 Rf6 38. Kxh2 Rg5 39. Bh3 Rh6 40. Rf3 Kf7 41. Rg3 Kf6 42. Re3 Rxf5 43. Kg3 Rg6+ 44. Bg4 Rf1 45. Re6+ Kf7 46. Re4 Rd6 47. Bh5+ Kf6 48. Be2 Rb1 49. Rf4+ Ke7 50. Rh4 Rf6 51. Bf3 Rxb3 52. Be4 Kd6 53. Rh8 Ke5 0-1

[Event "Julius Baer Generation Cup"]
[Site "chess24.com INT"]
[Date "2022.09.19"]
[Round "8.5"]
[White "Ivan Saric"]
[Black "Arjun Erigaisi"]
[Result "1/2-1/2"]
[EventDate "2022.09.18"]
[WhiteElo "2668"]
[BlackElo "2725"]
[PlyCount "76"]

1. e4 c5 2. Nf3 e6 3. d4 cxd4 4. Nxd4 Nf6 5. Nc3 Nc6 6. Nxc6 bxc6 7. e5 Nd5 8. Ne4 Qc7 9. f4 Qb6 10. c4 Bb4+ 11. Ke2 f5 12. Nf2 Ne7 13. Nd3 Bc5 14. Qb3 Bd4 15. Qxb6 axb6 16. Be3 Bxe3 17. Kxe3 c5 18. a3 Nc6 19. Be2 Nd4 20. Bd1 Bb7 21. b4 Rc8 22. bxc5 bxc5 23. Nxc5 Rxc5 24. Kxd4 Rc7 25. Bf3 Bxf3 26. gxf3 Ke7 27. c5 Ra8 28. Rhc1 Rca7 29. c6 dxc6 30. Rxc6 Rxa3 31. Rc7+ Kf8 32. Rc8+ Rxc8 33. Rxa3 Rc2 34. Ra8+ Kf7 35. Ra7+ Kf8 36. Ra8+ Kf7 37. Ra7+ Kf8 38. Ra8+ 1/2-1/2

[Event "Abu Dhabi Masters"]
[Site "Abu Dhabi UAE"]
[Date "2022.08.25"]
[Round "9.1"]
[White "Erigaisi Arjun"]
[Black "Anton Guijarro, David"]
[Result "1-0"]
[EventDate "2022.08.17"]
[WhiteElo "2689"]
[BlackElo "2668"]
[PlyCount "134"]

1. e4 c6 2. d4 d5 3. exd5 cxd5 4. c4 Nf6 5. Nc3 Nc6 6. Nf3 a6 7. Bg5 Be6 8. Be2 g6 9. Bxf6 exf6 10. O-O Be7 11. c5 f5 12. b4 O-O 13. Rb1 Bf6 14. a4 g5 15. b5 axb5 16. Bxb5 Ne7 17. Be2 g4 18. Ne1 Nc6 19. Nc2 Ra7 20. f4 h5 21. Qd2 Bg7 22. Bb5 h4 23. Bxc6 bxc6 24. Rfe1 Bd7 25. Rb6 Re8 26. Kf1 Rxe1+ 27. Kxe1 Qa8 28. Nb4 Kf8 29. g3 Be8 30. Qd3 Qc8 31. Kd2 Bd7 32. Kc1 Ra8 33. Qe3 Be8 34. Kb2 Ra7 35. Ka3 Qa8 36. Kb2 Re7 37. Qd2 Ra7 38. Qd3 Qc8 39. Ka3 hxg3 40. hxg3 Bd7 41. Nc2 Bf6 42. Ne3 Kg7 43. Rb1 Qh8 44. Nxf5+ Bxf5 45. Qxf5 Qh3 46. Qd3 Qg2 47. Re1 Qf2 48. Re3 Qg1 49. Nd1 Ra8 50. Qd2 Qf1 51. Qd3 Qh1 52. Re2 Qf1 53. Rd2 Qe1 54. Qc3 Qe7 55. Ne3 Qa7 56. Qc2 Qa5 57. Nxg4 Rb8 58. Nxf6 Kxf6 59. Rh2 Qb4+ 60. Ka2 Qxd4 61. Rh6+ Ke7 62. Rxc6 Rb4 63. Ra6 Kf8 64. c6 Rc4 65. Qb2 Rxa4+ 66. Rxa4 Qxa4+ 67. Qa3+ 1-0